[Event "URS-FL"]
[Site "Irkutsk"]
[Date "1986.??.??"]
[Round "?"]
[White "Dolmatov, Sergey"]
[Black "Salov, Valery"]
[Result "1/2-1/2"]
[WhiteElo "2510"]
[BlackElo "2550"]

1.e4 e5 2.Nf3 Nc6 3.Bc4 Bc5 4.c3 Nf6 5.d3 a6 6.O-O Ba7 7.Bb3 O-O 8.Nbd2 d5
9.Re1 Re8 10.exd5 Nxd5 11.d4 Bg4 12.h3 Bh5 13.Nf1 e4 14.Ng3 Bg6 15.Nh2 Qd6
16.Ng4 Nf4 17.Bxf4 Qxf4 18.Ne3 Na5 19.Bc2 c5 20.d5 Rad8 21.Qg4 Qxg4 22.hxg4 b5
23.Rad1 Bb8 24.Nef5 Bxg3 25.Nxg3 Nc4 26.b3 Nd6 27.Rd2 f6 28.Kf1 Re5 29.f4 exf3
30.gxf3 Rxe1+ 31.Kxe1 Re8+ 32.Kf2 Bxc2 33.Rxc2 Re5 34.c4 bxc4 35.bxc4 Kf7
36.Nh5 g5 37.Ng3 a5 38.Rc1 Kf8 39.Rc3 Kf7 40.Rc1 Kf8 41.Rc3 Ke7  1/2-1/2

[Event "URS-FL"]
[Site "Irkutsk"]
[Date "1986.??.??"]
[Round "?"]
[White "Salov, Valery"]
[Black "Timoshchenko, Gennadi A"]
[Result "1/2-1/2"]
[WhiteElo "2550"]
[BlackElo "2475"]

1.d4 d5 2.c4 e6 3.Nc3 Be7 4.cxd5 exd5 5.Bf4 Nf6 6.e3 Bf5 7.Qb3 Nc6 8.Qxb7 Nb4
9.Bb5+ Kf8 10.Kd2 a6 11.Ba4 Nd3 12.Bxc7 Qc8 13.Qxc8+ Rxc8 14.Ba5 Nxf2 15.Rf1 N6e4+
16.Nxe4 Nxe4+ 17.Ke2 Nd6 18.Nf3 g6 19.Ne5 f6 20.g4 Be6 21.Rhg1 Ne4 22.g5 Kg7
23.gxf6+ Bxf6 24.Rc1 Rhf8 25.Bb4 Rfd8 26.Rxc8 Rxc8 27.Nd3 h5 28.Nf2 Bd7 29.Nxe4 Bxa4
30.Nc3 Bd7 31.Bd6 Be6 32.Be5 Bxe5 33.dxe5 Rc4 34.Rf1 d4 35.exd4 Rxd4 36.Ke3 Rh4
37.Rf6 Bf5 38.Rxa6 Rxh2 39.e6 Rxb2 40.Ra7+ Kf6 41.e7 Kf7 42.Nd5 Rb1 43.Kd4 Re1
44.Ra8 Bd7 45.Rf8+ Kg7 46.Ne3 h4 47.Rd8 Ba4 48.e8=Q Bxe8 49.Rxe8 Ra1 50.Re7+ Kf8
51.Rh7 Rxa2 52.Nd5 Re2 53.Nf4 Re1 54.Kd5 Kg8 55.Ra7 g5 56.Ne6 h3 57.Rg7+ Kh8
58.Rxg5 h2 59.Rh5+ Kg8 60.Rxh2 Kf7 61.Ng5+ Kg6 62.Ne4 Ra1 63.Ke5 Ra5+ 64.Ke6 Ra6+
65.Nd6 Kg5 66.Rf2 Kg4  1/2-1/2

[Event "URS-FL"]
[Site "Irkutsk"]
[Date "1986.??.??"]
[Round "?"]
[White "Salov, Valery"]
[Black "Serper, Grigory"]
[Result "1-0"]
[WhiteElo "2550"]
[BlackElo "2200"]

1.d4 Nf6 2.c4 c6 3.Nc3 d6 4.e4 Nbd7 5.Nf3 e5 6.Be2 Be7 7.O-O a6 8.Rb1 O-O
9.b4 Qc7 10.Re1 exd4 11.Nxd4 Re8 12.Bf4 Ne5 13.Qc2 b5 14.cxb5 cxb5 15.Rbc1 Bd7
16.Qb1 Qb7 17.Red1 Rac8 18.Nf3 Bc6 19.Bxe5 dxe5 20.Nxe5 Bxe4 21.Qb3 Bf8 22.Nxe4 Rxc1
23.Nxf6+ gxf6 24.Rxc1 Rxe5 25.Bf1 Qd5 26.Qg3+ Rg5 27.Qe3 Kg7 28.a3 Bd6 29.Qb6 Qd2
30.Qe3 Qxe3 31.fxe3 Re5 32.Rc3 Re6 33.g3 Be5 34.Rc2 Bb8 35.Kf2 Ba7 36.Rc3 f5
37.Bg2 Bb6 38.Bd5 Rd6 39.Rd3 Bd8 40.Ke2 Bf6 41.Kf3 Bb2 42.e4 fxe4+ 43.Kxe4 f5+
44.Kxf5 Bxa3 45.Rxa3 Rxd5+ 46.Ke4 Rd6 47.Rd3 Re6+ 48.Kf5 Rf6+ 49.Ke5 Rf7
50.Ra3 Rf2 51.Rxa6 Rxh2 52.Rd6 Rb2 53.Rd4 Kg6 54.Rg4+ Kf7 55.Kd6 Rc2 56.Rg5 Rc3
57.Rxb5 Rxg3 58.Rc5 Rg6+ 59.Kd7 Rg7 60.b5 h5 61.b6 Kg6+ 62.Kc6 h4 63.b7 Rg8
64.Kc7 Rg7+ 65.Kb6  1-0

[Event "URS-FL"]
[Site "Irkutsk"]
[Date "1986.??.??"]
[Round "?"]
[White "Salov, Valery"]
[Black "Psakhis, Lev"]
[Result "1/2-1/2"]
[WhiteElo "2550"]
[BlackElo "2555"]

1.d4 e6 2.Nf3 Nf6 3.Bg5 c5 4.e3 Qb6 5.Nbd2 Qxb2 6.Bd3 Qc3 7.O-O d5 8.Re1 cxd4
9.Nxd4 a6 10.N4f3 Nc6 11.e4 Be7 12.exd5 Nxd5 13.Ne4 Qa3 14.c4 Nc3 15.Qd2 Nxe4
16.Bxe4 f6 17.Bf4 e5 18.Rad1 Bg4 19.Re3 Qc5 20.Bg3 O-O 21.Qc2 f5 22.Bd5+ Kh8
23.Bxc6 Qxc6 24.Bxe5 Bf6 25.Bxf6 Rxf6 26.Rde1 f4 27.Rb3  1/2-1/2

[Event "URS-FL"]
[Site "Irkutsk"]
[Date "1986.??.??"]
[Round "?"]
[White "Salov, Valery"]
[Black "Lputian, Smbat G"]
[Result "1/2-1/2"]
[WhiteElo "2550"]
[BlackElo "2520"]

1.c4 e6 2.d4 d5 3.Nc3 c5 4.cxd5 exd5 5.Nf3 Nc6 6.g3 Nf6 7.Bg2 Be7 8.O-O O-O
9.Bg5 c4 10.Ne5 Be6 11.f4 Ng4 12.Nxg4 Bxg4 13.Bxd5 Bxg5 14.fxg5 Qxg5 15.Rf4 Be6
16.Bg2 Rad8 17.Kh1 h6 18.Qg1 Ne7 19.e4 Ng6 20.Raf1 Bg4 21.h4 Qh5 22.R4f2 b5
23.Nd5 Rxd5 24.exd5 Ne7 25.d6 Nf5 26.Rxf5 Bxf5 27.Qe3 Be6 28.Qe4 Qg4 29.Qe5 f6  1/2-1/2

[Event "URS-FL"]
[Site "Irkutsk"]
[Date "1986.??.??"]
[Round "?"]
[White "Ivanchuk, Vassily"]
[Black "Salov, Valery"]
[Result "1/2-1/2"]
[WhiteElo "2475"]
[BlackElo "2550"]

1.d4 Nf6 2.c4 e6 3.g3 Bb4+ 4.Bd2 Be7 5.Bg2 d5 6.Nf3 O-O 7.O-O c6 8.Qc2 Nbd7
9.Bf4 Nh5 10.Be3 f5 11.Nc3 Bd6 12.Ng5 Ndf6 13.c5 Ng4 14.Bd2 Be7 15.Nf3 Bd7
16.b4 Nhf6 17.h3 Nh6 18.Bxh6 gxh6 19.e3 Ne4 20.Ne2 Kh8 21.Nf4 Rg8 22.Ne5 Qe8
23.Bf3 Bf6 24.Kh2 Qe7 25.Nh5 Be8 26.Nxf6 Nxf6 27.Rab1 Rg7 28.Qc3 a6 29.a4 Bd7
30.Rh1 Rag8 31.Kg2 Be8 32.Kf1 Bh5 33.Bxh5 Nxh5 34.Ke2 Nf6 35.Qd3 Ne4 36.Rhf1 Qe8
37.Ke1 Qh5 38.h4 Qe8 39.Rb2 Qb8 40.Ke2 Qe8 41.Kd1 Nf6 42.Qc3 Ne4 43.Qa3 Nf6
44.Qc3 Ne4 45.Qb3 Nf6 46.Nd3 Nd7 47.Qc3 Rg4 48.b5 axb5 49.axb5 e5 50.bxc6 bxc6
51.Rb4 exd4 52.Rxd4 R4g7 53.Ra4 Rf8 54.Kc2 Qh5 55.Nf4 Qf3 56.Rd1 Kg8 57.Ne6 Qxf2+
58.Rd2 Qxg3 59.Nxf8 Nxf8 60.Rf4 Ng6 61.Rxf5 Qxh4 62.Qd4 Qh1 63.Rff2 Re7 64.Rd1 Qe4+
65.Kd2 Qe6 66.Rf6 Qc8 67.Rd6 Re8 68.Rg1 Qc7 69.Ke2 Qb7 70.Kf2 Rf8+ 71.Rf6 Qe7
72.Rxf8+ Qxf8+ 73.Ke2 Qf5 74.Ra1 h5 75.Kd2 Ne5 76.Kc3 h4 77.Ra8+ Kf7 78.Qf4 Qxf4
79.exf4 Ng4 80.Ra7+ Kg8 81.Ra8+ Kf7 82.Ra7+  1/2-1/2

[Event "URS-FL"]
[Site "Irkutsk"]
[Date "1986.??.??"]
[Round "?"]
[White "Balashov, Yuri S"]
[Black "Salov, Valery"]
[Result "1/2-1/2"]
[WhiteElo "2530"]
[BlackElo "2550"]

1.e4 c5 2.Nf3 d6 3.d4 cxd4 4.Nxd4 Nf6 5.Nc3 Nc6 6.Bg5 e6 7.Qd2 a6 8.O-O-O h6
9.Be3 Be7 10.f3 Nxd4 11.Bxd4 b5 12.h4 Qa5 13.Qf2 Rb8 14.Kb1 b4 15.Ne2 e5
16.Ba7 Rb7 17.Nc1 Be6 18.Be3 d5 19.Nb3 Qa4 20.exd5 Nxd5 21.Bc5 Bxc5 22.Qxc5 Rc7
23.Qd6 Rd7 24.Rxd5 Rxd6 25.Rxd6 O-O 26.Bd3 Bxb3 27.axb3 Qa5 28.g4 Qc7 29.Rd1 Qxd6
30.Bh7+ Kxh7 31.Rxd6 f5 32.g5 hxg5 33.hxg5 e4 34.f4 a5 35.Kc1 Ra8 36.Kd2 Ra7
37.c4 bxc3+ 38.bxc3 a4 39.bxa4 Rxa4 40.Ke3 Rc4 41.Kd2 Ra4  1/2-1/2

[Event "Leningrad tt"]
[Site "Leningrad"]
[Date "1986.??.??"]
[Round "?"]
[White "Sveshnikov, Evgeny"]
[Black "Salov, Valery"]
[Result "1/2-1/2"]
[WhiteElo "2515"]
[BlackElo "2440"]

1.e4 c5 2.c3 Nf6 3.e5 Nd5 4.d4 cxd4 5.Nf3 Nc6 6.Bc4 Nb6 7.Bb3 d5 8.exd6 Qxd6
9.O-O Be6 10.Bxe6 Qxe6 11.Nxd4 Nxd4 12.Qxd4 Rd8 13.Qh4 Qe2 14.Bd2 h5 15.h3 Nc4
16.Re1 Qd3 17.Bc1 a6 18.b3 Nd6 19.Qa4+ Qb5 20.Qxb5+ Nxb5 21.a4 Nc7 22.Ra2 e6
23.Be3 Be7 24.Bd4 Bf6 25.Bb6 Kd7 26.b4 Kc6 27.a5 Rd7 28.c4 Bd4 29.Na3 Bxb6
30.axb6 Kxb6 31.c5+  1/2-1/2

[Event "Moscow"]
[Site "Moscow"]
[Date "1986.??.??"]
[Round "?"]
[White "Salov, Valery"]
[Black "Hebden, Mark"]
[Result "1/2-1/2"]
[WhiteElo "2525"]
[BlackElo "2445"]

1.d4 Nf6 2.Nf3 g6 3.Bg5 Bg7 4.Nbd2 O-O 5.e4 d5 6.Bxf6 Bxf6 7.exd5 Qxd5 8.Bc4 Qd8
9.c3 Nc6 10.Ne4 Bg7 11.O-O Bg4 12.h3 Bxf3 13.Qxf3 e5 14.Nc5 exd4 15.Nxb7 Ne5
16.Qe4 Qf6 17.Bb3 dxc3 18.bxc3 Rab8 19.Rad1 Rfe8 20.Nc5 Bf8 21.Nd3 Nxd3 22.Qxd3 Rbd8
23.Qc4 Rxd1 24.Rxd1 Bd6 25.g3 Qf3 26.Qg4 Qxc3 27.Kg2 Kg7 28.Qf3 Qxf3+ 29.Kxf3 Re5
30.Rd5 Re7 31.Ra5 c5 32.Kg2 Rc7 33.Ra4 Be5 34.Re4 Bd4 35.Bc4 Rb7 36.Re2 h5
37.f4 Rb4 38.Rc2 a5 39.Kf3 Rb1 40.Bb3 Rf1+ 41.Kg2 Re1 42.Kf3 Re3+ 43.Kg2 Kf8
44.Rd2 Ke7 45.Rc2 Kf6 46.Rd2 Kg7 47.Rc2 f6 48.h4 Kh6 49.Bc4 a4 50.Be2 a3
51.Bf3 Re1 52.Be2 g5 53.fxg5+ fxg5 54.hxg5+ Kxg5 55.Kf3 Kf5 56.Bd3+ Kf6 57.Be2 Kg5
58.Ke4 Rb1 59.Bd3 Rb8 60.Kf3 Rf8+ 61.Kg2 Rg8 62.Re2 Rd8 63.Bc4 Bf6 64.Kf3 Rd1
65.Re8 Rc1 66.Bd3 Bb2 67.Re6 Bf6  1/2-1/2

[Event "Moscow"]
[Site "Moscow"]
[Date "1986.??.??"]
[Round "?"]
[White "Razuvaev, Yuri S"]
[Black "Salov, Valery"]
[Result "1/2-1/2"]
[WhiteElo "2525"]
[BlackElo "2525"]

1.d4 Nf6 2.c4 e6 3.Nf3 b6 4.Nc3 Bb4 5.Bg5 Bb7 6.e3 h6 7.Bh4 g5 8.Bg3 Ne4
9.Qc2 d6 10.Bd3 Bxc3+ 11.bxc3 f5 12.d5 Nd7 13.Bxe4 fxe4 14.Qxe4 Qf6 15.O-O O-O-O
16.Qxe6 Qxe6 17.dxe6 Nc5 18.Nd4 Rde8 19.f3 Ba6 20.Nb5 Rxe6 21.e4 Kb8 22.Rfd1 g4
23.Nd4 Rg6 24.e5 gxf3 25.exd6 cxd6 26.gxf3 Rf8 27.Nb5 Bxb5 28.cxb5 Rxf3 29.Rf1 Rxf1+
30.Rxf1 Ne4 31.Rf8+ Kc7 32.Rf7+ Kc8 33.Rxa7 Nxg3 34.hxg3 Rxg3+ 35.Kf2 Rxc3
36.Rh7 Rh3 37.Rh8+ Kd7 38.Rh7+ Ke6 39.Rb7 Ra3 40.Rxb6 Rxa2+ 41.Ke3 Kd5 42.Rb8 h5
43.b6 Ra3+ 44.Ke2  1/2-1/2

[Event "Moscow"]
[Site "Moscow"]
[Date "1986.??.??"]
[Round "?"]
[White "Salov, Valery"]
[Black "Psakhis, Lev"]
[Result "1/2-1/2"]
[WhiteElo "2525"]
[BlackElo "2555"]

1.d4 Nf6 2.c4 e6 3.Nc3 c5 4.d5 exd5 5.cxd5 d6 6.Nf3 g6 7.Bf4 Bg7 8.Qa4+ Bd7
9.Qb3 Qc7 10.e4 O-O 11.Be2 Nh5 12.Be3 Bg4 13.h3 Bxf3 14.Bxf3 Nd7 15.O-O Nhf6
16.a4 a6 17.a5 Rfb8 18.Ra2 b5 19.axb6 Rxb6 20.Qc2 Ne8 21.Be2 Qd8 22.f4 Qe7
23.Bf3 Rab8 24.Bf2 Nc7 25.Re1 Qd8 26.Kh1 Nb5 27.Na4 R6b7 28.e5 dxe5 29.d6 Ra7
30.Nxc5 Rc8 31.b4 exf4 32.Qb3 Ne5 33.Ne6 Qxd6 34.Bxa7 Qxe6 35.Qxe6 fxe6 36.Rxa6 Nxf3
37.gxf3 Ra8 38.Rexe6 Nc7 39.Rec6 Nxa6 40.Rxa6 Bd4 41.Rd6  1/2-1/2

[Event "Moscow"]
[Site "Moscow"]
[Date "1986.??.??"]
[Round "?"]
[White "Salov, Valery"]
[Black "Arkhipov, Sergey"]
[Result "1-0"]
[WhiteElo "2525"]
[BlackElo "2545"]

1.d4 d5 2.Nf3 c5 3.c4 e6 4.cxd5 exd5 5.Bg5 Be7 6.Bxe7 Qxe7 7.dxc5 Nf6 8.Nbd2 O-O
9.Rc1 Bg4 10.Nb3 Nc6 11.Nfd4 Rac8 12.f3 Bd7 13.Qd2 Rfe8 14.Rc3 Ne5 15.e3 Nh5
16.Kd1 a5 17.Nxa5 Rxc5 18.Rxc5 Qxc5 19.Nxb7 Qb6 20.Na5 Qh6 21.Rg1 Nf6 22.g4 Rc8
23.e4 Qg6 24.Nf5 Re8 25.Be2 h5 26.g5 Nxe4 27.fxe4 dxe4 28.Ne3 Bg4 29.Bxg4 hxg4
30.Qc3 Qxg5 31.Qc2 f5 32.Nac4 Nxc4 33.Qxc4+ Kh7 34.Qc5 Kg6 35.Qc6+ Kf7 36.Qd7+ Re7
37.Qxf5+ Qxf5 38.Nxf5 Ra7 39.Rxg4 Rxa2 40.Rxe4 Ra5 41.Ne3  1-0

[Event "Moscow"]
[Site "Moscow"]
[Date "1986.??.??"]
[Round "?"]
[White "Inkiov, Ventzislav"]
[Black "Salov, Valery"]
[Result "1/2-1/2"]
[WhiteElo "2465"]
[BlackElo "2525"]

1.e4 c5 2.Nf3 d6 3.d4 cxd4 4.Nxd4 Nf6 5.Nc3 Nc6 6.g3 e6 7.Bg2 Bd7 8.O-O Be7
9.Nxc6 Bxc6 10.a4 O-O 11.Be3 a6 12.a5 Qc7 13.Bb6 Qc8 14.Re1 Nd7 15.Bd4 Qc7
16.Na4 Bxa4 17.Rxa4 Bf6 18.Bxf6 Nxf6 19.Re3 Rfc8 20.Rc3 Qd7 21.Rxc8+ Rxc8
22.Rd4 Ne8 23.e5 d5 24.c4 Nc7 25.cxd5 Nxd5 26.Bxd5 Rd8 27.Qg4 exd5 28.Qxd7 Rxd7
29.f4 g6 30.Kf2 Rc7 31.Ke3 Rc5 32.b4 Rb5 33.g4 b6 34.axb6 Rxb6 35.f5 Rb5
36.Kf4 gxf5 37.gxf5 Kg7 38.Kg5 f6+ 39.exf6+ Kg8 40.Rg4 a5 41.bxa5 Rxa5 42.Rb4 Ra2
43.Rb8+ Kf7 44.Rb7+ Kg8 45.f7+ Kg7 46.f8=Q+ Kxf8 47.Rxh7 Kg8 48.Rd7 Rxh2
49.Rxd5 Rg2+ 50.Kf6 Rf2 51.Rd8+ Kh7 52.Ke6 Kg7 53.Rd7+ Kf8  1/2-1/2

[Event "Moscow"]
[Site "Moscow"]
[Date "1986.??.??"]
[Round "?"]
[White "Geller, Efim P"]
[Black "Salov, Valery"]
[Result "1-0"]
[WhiteElo "2525"]
[BlackElo "2525"]

1.e4 c5 2.Nf3 Nc6 3.d4 cxd4 4.Nxd4 Nf6 5.Nc3 d6 6.Be2 e5 7.Nf3 h6 8.O-O Be7
9.Re1 O-O 10.h3 Be6 11.Bf1 Rc8 12.Nd5 Bxd5 13.exd5 Nb8 14.c4 Nbd7 15.b4 b6
16.Be3 Re8 17.Rc1 Qc7 18.Nd2 Bf8 19.Nb3 a5 20.a3 Ra8 21.Nd2 Qb7 22.Nb1 axb4
23.axb4 b5 24.c5 dxc5 25.bxc5 Qxd5 26.c6 Nb8 27.Qxd5 Nxd5 28.c7 Na6 29.Bxb5 Naxc7
30.Bxe8 Nxe8 31.Bc5 Nb4 32.Bxf8 Kxf8 33.Rcd1 Ra5 34.Nc3 Ke7 35.Nd5+  1-0

[Event "Moscow"]
[Site "Moscow"]
[Date "1986.??.??"]
[Round "?"]
[White "Eingorn, Vereslav S"]
[Black "Salov, Valery"]
[Result "1/2-1/2"]
[WhiteElo "2560"]
[BlackElo "2525"]

1.d4 Nf6 2.Nf3 e6 3.c4 b6 4.g3 Ba6 5.b3 Bb4+ 6.Bd2 Be7 7.Nc3 d5 8.cxd5 exd5
9.Bg2 O-O 10.O-O Bb7 11.Qc2 Na6 12.Rfd1 Qc8 13.Bg5 Qe6 14.e3 Rfd8 15.Ne2 Ne4
16.Nf4 Qd6 17.Bxe7 Qxe7 18.Qb2 c5 19.Rac1 Qf6 20.Ne5 Rac8 21.a3 Qe7 22.h4 Nc7
23.Bh3 Rb8 24.Kh2 Ne6 25.Nxe6 fxe6 26.f3 Nf6 27.Rc2 Rbc8 28.Rdc1 Rc7 29.Nd3 Nd7
30.Nf4 Rc6 31.a4 Rd6 32.Nd3 Rc6 33.a5 Rdc8 34.b4 cxb4 35.Rxc6 Rxc6 36.Rxc6 Bxc6
37.Qxb4 Kf7 38.axb6 axb6 39.Qb1 Qa3 40.Nf4 Qxe3 41.Bxe6+ Ke7 42.Qb4+ Ke8
43.Qd6 Qf2+ 44.Kh3 Qf1+ 45.Kg4 Qc4 46.Kg5 Qb5 47.Bxd7+ Bxd7 48.Nxd5 Qe2 49.Qb8+ Kf7
50.Qf4+ Kg8 51.Qe4 Qd2+ 52.Nf4 Qa5+ 53.d5 Qc5 54.Ne6 Qe7+ 55.Kf4 b5 56.Ng5 Qf6+
57.Ke3 Qc3+ 58.Qd3 Qc1+ 59.Kd4 Qg1+ 60.Kc3 Qa1+ 61.Kb4 h6 62.Ne4 Qa4+ 63.Kc5 b4
64.Qc4 Qa5+ 65.Kd6 Bf5 66.Ke5 Bg6 67.Nc5 Qa1+ 68.Qd4 Qe1+ 69.Kf4 Qc1+ 70.Qe3 Qb2
71.Kg4 h5+ 72.Kh3 Qb1  1/2-1/2

[Event "Moscow"]
[Site "Moscow"]
[Date "1986.??.??"]
[Round "?"]
[White "Yap, Andronico"]
[Black "Salov, Valery"]
[Result "1/2-1/2"]
[WhiteElo "2470"]
[BlackElo "2525"]

1.Nf3 Nf6 2.c4 e6 3.g3 d5 4.Bg2 dxc4 5.O-O a6 6.a4 Nc6 7.Qc2 e5 8.Na3 e4
9.Ng5 Bxa3 10.bxa3 O-O 11.Bb2 Bf5 12.Qxc4 Qxd2 13.Bxf6 gxf6 14.Nxe4 Bxe4
15.Bxe4 Ne5 16.Qa2 Qxa2 17.Rxa2 c6 18.Rb1 Ra7 19.Rc2 Rd8 20.e3 h6 21.Kg2 Kf8
22.f4 Ng6 23.Kf3 Ne7 24.g4 Nc8 25.h4 Ke7 26.h5 Nd6 27.Bd3 Rd7 28.Rb3 Ra8
29.a5 Rc7 30.Rc5 Re8 31.a4 Kd8 32.e4 Rce7 33.Rb4 Kc7 34.Bb1 Rg8 35.e5 fxe5
36.fxe5 Ne8 37.Rf4 Rg5 38.Rf5 Rxf5+ 39.gxf5 b6 40.axb6+ Kxb6 41.f6 Nxf6 42.exf6 Re1
43.Kf2 Rxb1 44.Re5 Rh1 45.Re7 Rxh5 46.Rxf7 Kc5 47.Ke3 Kd5 48.Rf8 Rh3+ 49.Ke2 Ke6
50.Rc8 Rc3 51.Rh8 Kxf6 52.Rxh6+ Kg5 53.Re6 Kf5 54.Rh6 Ke4 55.Kd2 Rc5 56.Rh4+ Kd5
57.Kd3 Kd6 58.Rg4 Kc7 59.Rb4 Rc1 60.Kd2 Ra1 61.Kc3 Kd6 62.Rh4 Kc5 63.Rh5+ Kb6
64.Kb4 a5+ 65.Kb3 Rb1+ 66.Ka2 Rd1 67.Kb3 Rd3+ 68.Kb2 Rd4 69.Kb3 Rd5 70.Rh3 Re5
71.Rg3 Re4 72.Rh3 Rb4+ 73.Ka3 Rd4 74.Kb3 Kc5 75.Rh5+ Rd5 76.Rh3 Re5 77.Rc3+ Kd6
78.Rd3+ Rd5 79.Rh3 Rf5 80.Rd3+ Kc5 81.Rc3+ Kd5 82.Rd3+ Ke4 83.Rc3  1/2-1/2

[Event "Moscow"]
[Site "Moscow"]
[Date "1986.??.??"]
[Round "?"]
[White "Suba, Mihai"]
[Black "Salov, Valery"]
[Result "1/2-1/2"]
[WhiteElo "2545"]
[BlackElo "2525"]

1.Nf3 Nf6 2.g3 d5 3.Bg2 c6 4.O-O Bg4 5.c4 e6 6.b3 Nbd7 7.Bb2 Bd6 8.d3 O-O
9.Nbd2 Re8 10.Qc2 e5 11.e4 dxe4 12.dxe4 a5 13.a3 Bc5 14.Bc3 Qb6 15.h3 Bh5
16.Qb2 Bxf3 17.Bxf3 Bd4 18.Bg2 Bxc3 19.Qxc3 c5 20.Rab1 Qc7 21.Rfe1 Nf8 22.Nf1 Ne6
23.Ne3 Nd4 24.Nd5 Nxd5 25.cxd5 Nb5 26.Qb2 Nd6 27.a4 b6 28.Bf1 Qd7 29.Re3 Qe7
30.Rbe1 Qf6 31.Bd3 Re7 32.Qe2 Qh6 33.Kg2 Rd8 34.h4 Qf6 35.Rf1 g6 36.f4 Qg7
37.f5 f6 38.g4 g5 39.hxg5 Qxg5 40.Rh1 Rg7 41.Rg3 Qf4 42.Rf1 Qg5 43.Qc2 Kh8
44.Be2  1/2-1/2

[Event "Moscow"]
[Site "Moscow"]
[Date "1986.??.??"]
[Round "?"]
[White "Salov, Valery"]
[Black "Raicevic, Vladimir"]
[Result "1-0"]
[WhiteElo "2525"]
[BlackElo "2485"]

1.d4 d5 2.c4 c6 3.Nf3 Nf6 4.Nc3 e6 5.Bg5 Nbd7 6.e3 Qa5 7.cxd5 exd5 8.Bd3 Ne4
9.O-O Nxg5 10.Nxg5 Nf6 11.h3 Bd6 12.f4 Qc7 13.Qc2 h6 14.Nf3 Be6 15.Ne5 Qe7
16.a3 O-O 17.Rae1 c5 18.g4 a6 19.Qg2 Rad8 20.Kh1 Bb8 21.g5 hxg5 22.Qxg5 Qd6
23.Rg1 Ne8 24.dxc5 Qc7 25.Qh6  1-0

[Event "Reykjavik op"]
[Site "Reykjavik"]
[Date "1986.??.??"]
[Round "3"]
[White "Salov, Valery"]
[Black "Byrne, Robert E"]
[Result "1/2-1/2"]
[WhiteElo "2440"]
[BlackElo "2505"]

1.d4 Nf6 2.c4 g6 3.Nc3 Bg7 4.e4 d6 5.f3 a6 6.Be3 c6 7.a4 a5 8.Bd3 Na6 9.Rc1 e5
10.Nge2 Nb4 11.Bb1 Nd7 12.O-O O-O 13.f4 Qe7 14.Qd2 exd4 15.Nxd4 Nc5 16.Rcd1 f5
17.exf5 gxf5 18.Rf3 Rf6 19.Rg3 Bd7 20.Rg5 Raf8 21.Bf2 Qf7 22.b3 Rg6 23.Rxg6 hxg6
24.Nf3 Nxb3 25.Qxd6 Bxc3 26.Ng5 Qg7 27.Qxd7 Qxd7 28.Rxd7 Re8 29.g4 Nd2 30.Bd3 Nxd3
31.Rxd3 Bb4 32.gxf5 gxf5 33.Rd7 c5 34.h4 Rf8 35.Rxb7 Nxc4 36.Kg2 Nb2 37.Bxc5 Bxc5
38.Rxb2 Bb4 39.Re2 Rc8 40.Re5 Rc4 41.Rxf5 Bd2 42.Kf3 Rxa4 43.h5 Rxf4+ 44.Rxf4 Bxf4
45.Kxf4 a4 46.Ne4 a3 47.Nc3 Kh7 48.Kg5 Kg7 49.h6+ Kg8  1/2-1/2

[Event "Leningrad"]
[Site "Leningrad"]
[Date "1987.??.??"]
[Round "?"]
[White "Salov, Valery"]
[Black "Tukmakov, Vladimir B"]
[Result "1/2-1/2"]
[WhiteElo "2550"]
[BlackElo "2575"]

1.d4 d5 2.c4 c6 3.Nf3 Nf6 4.e3 Bf5 5.cxd5 cxd5 6.Qb3 Qb6 7.Qxb6 axb6 8.Nc3 Bd7
9.Ne5 e6 10.Bd2 Nc6 11.Nxd7 Kxd7 12.Bb5 Bb4 13.Ke2 Bxc3 14.Bxc3 Ne4 15.Rhc1 Nxc3+
16.Rxc3 Kd6 17.a3 Rac8 18.Rac1 Ne7 19.Bd3 h6 20.Kd2 Rxc3 21.Rxc3 Nc6 22.Ke2 Re8
23.Rc1 f6 24.Bg6 Ra8 25.Bd3 Re8 26.f4 e5 27.dxe5+ fxe5 28.fxe5+ Nxe5 29.h3 Nxd3
30.Kxd3 Rf8 31.Ke2 Re8 32.Kf3 Rf8+ 33.Ke2 Re8 34.Rd1 Re6 35.Rd4 Kc5 36.Kd3 g5
37.a4 Rf6 38.Ke2 Rf5 39.h4 gxh4 40.Rxh4 Rf6 41.Rg4 Re6 42.Kf3 b5 43.b4+ Kc6
44.a5 h5 45.Rf4 Rg6 46.g3 Re6 47.Rh4 Re5 48.Rf4 Kd6 49.Rf7 Re7 50.Rf4 Re5
51.Rd4 Rf5+ 52.Ke2 Rg5 53.Kf3 Rf5+ 54.Ke2 Rg5 55.Kf3  1/2-1/2

[Event "Leningrad"]
[Site "Leningrad"]
[Date "1987.??.??"]
[Round "?"]
[White "Georgiev, Kiril"]
[Black "Salov, Valery"]
[Result "1/2-1/2"]
[WhiteElo "2590"]
[BlackElo "2550"]

1.e4 e5 2.Nf3 Nf6 3.d4 Nxe4 4.Bd3 d5 5.Nxe5 Nd7 6.Qe2 Nxe5 7.Bxe4 dxe4 8.Qxe4 Be6
9.Qxe5 Qd7 10.O-O O-O-O 11.Be3 Bb4 12.c3 f6 13.Qg3 Be7 14.Nd2 h5 15.f3 g5
16.c4 f5 17.Qe5 Bd6 18.Qa5 Bf4 19.Bxf4 Qxd4+ 20.Rf2 gxf4 21.Nb3 Qb6 22.Qxb6 axb6
23.Rc2 Rd6 24.Re1 Rhd8 25.Kf2 Rc6 26.Rec1 h4 27.Nd2 b5 28.c5 b4 29.b3 b5
30.Nf1 Rd3 31.Ke2 Rd5 32.Kf2 Rd3 33.Ke2 Rd5 34.Kf2 Bf7 35.g3 fxg3+ 36.hxg3 hxg3+
37.Nxg3 f4 38.Ne2 Rf6 39.Rh1 Rd3 40.Rh8+ Kb7 41.c6+ Rxc6 42.Rxc6 Kxc6 43.Rf8 Bd5
44.Rxf4 Kc5 45.Rf6 c6 46.Nf4 Rxf3+ 47.Ke2 Be4 48.Ne6+ Kd6 49.Rh6 Kd5 50.Nc7+ Kd4
51.Ne6+ Kd5 52.Nc7+ Ke5 53.Rh5+ Rf5 54.Rxf5+ Bxf5 55.Na6 Kd4 56.Nxb4 c5 57.Na6 Bb1
58.Kd2 Bxa2 59.Kc2 c4 60.bxc4 bxc4 61.Nb4  1/2-1/2

[Event "Leningrad"]
[Site "Leningrad"]
[Date "1987.??.??"]
[Round "?"]
[White "Jussupow, Artur"]
[Black "Salov, Valery"]
[Result "0-1"]
[WhiteElo "2645"]
[BlackElo "2550"]

1.d4 Nf6 2.c4 e6 3.Nc3 Bb4 4.e3 c5 5.Bd3 Nc6 6.Ne2 cxd4 7.exd4 d5 8.cxd5 Qxd5
9.O-O Qh5 10.Ne4 Be7 11.Be3 O-O 12.h3 Rd8 13.Rc1 e5 14.Nxf6+ Bxf6 15.d5 Rxd5
16.Bxh7+ Kxh7 17.Qxd5 Qxe2 18.Qxf7 Nd8 19.Qe8 Be6 20.Rc7 Bd5 21.Qf8 Ne6 22.Qxa8 Nxc7
23.Qxa7 Qxb2 24.Qc5 Bc6 25.Qc4 Nd5 26.Qe4+ Kh8 27.Qg4 Nxe3 28.fxe3 Qxa2 29.e4 Qf7
30.Qf5 Qd7 31.Qh5+ Kg8 32.Rd1 Qf7 33.Qg4 Kh7 34.Re1 Qg6 35.Qf3 Bh4 36.Re3 Bg5
37.Re2 Bf4 38.h4 Kh6 39.g4 Qd6 40.g5+ Kg6 41.Kg2  0-1

[Event "Leningrad"]
[Site "Leningrad"]
[Date "1987.??.??"]
[Round "?"]
[White "Nogueiras, Jesus"]
[Black "Salov, Valery"]
[Result "1/2-1/2"]
[WhiteElo "2565"]
[BlackElo "2550"]

1.d4 f5 2.Nf3 Nf6 3.Bg5 e6 4.Nbd2 d5 5.e3 Bd6 6.Ne5 O-O 7.Be2 c5 8.c3 Nc6
9.f4 Qb6 10.Qb3 c4 11.Qxb6 axb6 12.O-O b5 13.a3 Ne4 14.Nxe4 fxe4 15.Rad1 Ne7
16.Bxe7 Bxe7 17.Rd2 Ra6 18.Bg4 Bf6 19.Rdf2 Rd6 20.g3 Rdd8 21.h4 Rde8 22.Kg2 Rd8
23.Bh3 Rfe8 24.h5 Kf8 25.g4 Ke7 26.Kg3 Rf8 27.Rh1 Rg8 28.Bf1 Rdf8 29.Be2 Bd7
30.Rhf1 Be8 31.Rh1 Rh8 32.Rff1 Rhg8 33.Ra1 Rh8 34.Rh2 Rhg8 35.Bd1 Bd7 36.Rh1 Ra8
37.Be2 Rgf8 38.Rhb1 Ra7 39.Rf1 Raa8 40.Rab1 Ra7 41.Rf2 Raa8 42.Rc1 Rae8 43.Rcf1 Rd8
44.Rc1 Ra8 45.Bf1 Rh8 46.Bh3 Raf8 47.Rcf1 Be8 48.Rb1  1/2-1/2

[Event "Leningrad"]
[Site "Leningrad"]
[Date "1987.??.??"]
[Round "?"]
[White "Salov, Valery"]
[Black "Gurevich, Mikhail"]
[Result "0-1"]
[WhiteElo "2550"]
[BlackElo "2540"]

1.d4 Nf6 2.c4 e6 3.Nc3 Bb4 4.e3 c5 5.Ne2 cxd4 6.exd4 d5 7.a3 Be7 8.c5 O-O
9.g3 b6 10.b4 bxc5 11.dxc5 a5 12.Rb1 Nc6 13.Bg2 Rb8 14.Bf4 axb4 15.Bxb8 bxc3
16.Qa4 Nxb8 17.Rxb8 Nd7 18.Ra8 Nxc5 19.Qb5 Qd6 20.Bf3 Ba6 21.Rxf8+ Bxf8 22.Qa5 Nd3+
23.Kf1 Ne5 24.Qxc3 d4 25.Qb3 Bc4  0-1

[Event "Moscow TV"]
[Site "Moscow"]
[Date "1987.??.??"]
[Round "?"]
[White "Lputian, Smbat G"]
[Black "Salov, Valery"]
[Result "0-1"]
[WhiteElo "2500"]
[BlackElo "2550"]

1.d4 f5 2.c4 Nf6 3.g3 e6 4.Bg2 d5 5.Nf3 c6 6.O-O Bd6 7.Qc2 O-O 8.Nc3 Bd7
9.Bf4 Bxf4 10.gxf4 Be8 11.Qb3 Qb6 12.c5 Qc7 13.e3 Nbd7 14.Qa3 Bh5 15.Ne5 Nxe5
16.fxe5 Ne4 17.b4 Nd2 18.Rfc1 Nf3+ 19.Bxf3 Bxf3 20.Kf1 Qf7 21.Ne2 Qg6 22.Nf4 Qh6
23.Ke1 Qxh2 24.Qd3 Rae8 25.Qf1 g5 26.Ne2 f4 27.Qg1 Qxg1+ 28.Nxg1 fxe3 29.fxe3 Be4
30.Nh3 Rf5 31.Nf2 Ref8 32.Ng4 h5 33.Nf6+ R8xf6 34.exf6 h4 35.Ke2 Kf7 36.Rf1 Kxf6
37.Rf2 g4 38.Raf1 Kg5 39.Rxf5+ exf5 40.Rf4 h3  0-1

[Event "Moscow TV"]
[Site "Moscow"]
[Date "1987.??.??"]
[Round "?"]
[White "Salov, Valery"]
[Black "Lputian, Smbat G"]
[Result "1-0"]
[WhiteElo "2550"]
[BlackElo "2500"]

1.d4 Nf6 2.Nf3 g6 3.Bg5 Bg7 4.c3 O-O 5.Nbd2 d5 6.e3 b6 7.Bd3 c5 8.O-O Nc6
9.a3 Qc7 10.Bf4 Qb7 11.h3 Nd7 12.Be2 a5 13.Bg3 b5 14.a4 bxa4 15.Qxa4 Nb6
16.Qa3 c4 17.b3 cxb3 18.Nxb3 Bf5 19.Nc5 Qa7 20.Nh4 Nd7 21.Nxf5 gxf5 22.Bb5 Rfc8
23.Ba6 Nxc5 24.Bxc8 Rxc8 25.dxc5 e5 26.Rfd1 Rd8 27.Rab1 Bf8 28.Qa4 Qxc5 29.Rb5 Qxc3
30.Rbxd5 Rxd5 31.Rxd5 h6 32.Rd7 Ne7 33.Bh4 Ng6 34.Qa2 Nh8 35.Ra7 f4 36.exf4 exf4
37.Qd5 f3 38.Qxf3 Qxf3 39.gxf3 Ng6 40.Bg3 Bb4 41.Kg2 h5 42.Bc7 Nh4+ 43.Kg3 Nf5+
44.Kf4 Nd4 45.Bxa5 Bc5 46.Ra8+ Kh7 47.Ke4 Ne6 48.Bc3 Bxf2 49.Kf5 Ng7+ 50.Bxg7 Kxg7
51.Kg5 h4 52.Rb8 Bg3 53.f4 Bf2 54.Rb7 Bg3 55.f5 Bf2 56.f6+ Kg8 57.Rb8+ Kh7
58.Rf8  1-0

[Event "Wch-blitz"]
[Site "Saint John"]
[Date "1988.??.??"]
[Round "1"]
[White "Salov, Valery"]
[Black "Olafsson, Helgi"]
[Result "1/2-1/2"]
[WhiteElo "2595"]
[BlackElo "2510"]

1.d4 Nf6 2.c4 e6 3.Nc3 Bb4 4.e3 O-O 5.Bd3 d5 6.cxd5 exd5 7.Ne2 Re8 8.a3 Bd6
9.b4 c6 10.Qc2 Nbd7 11.Ng3 Nf8 12.Nce2 a5 13.Rb1 axb4 14.axb4 Ng6 15.O-O Bd7
16.b5 Qc7 17.bxc6 bxc6 18.Bd2 Reb8 19.Rxb8+ Rxb8 20.Rc1 Ne7 21.Rb1 g6 22.Nf1 Rxb1
23.Qxb1 Bf5 24.Bxf5 Nxf5 25.Qc2 Ne4 26.Be1 c5 27.dxc5 Bxc5 28.Neg3 Nfxg3
29.Nxg3 Nxg3 30.hxg3 Qd6 31.Bc3 d4 32.exd4 Bxd4 33.Qd2 Be5 34.Qxd6 Bxd6  1/2-1/2